| 000 | 00695nam a2200229 a 4500 | ||
|---|---|---|---|
| 005 | 20210223130509.0 | ||
| 008 | 080612s1986 mx r 000 0 spa d | ||
| 035 | _aUPN01000156826 | ||
| 049 | _aUNE | ||
| 080 | _a371.71 =20 JAB No.17. | ||
| 100 | 1 | _aJabre, Bushra | |
| 245 | 1 | 0 |
_aEducation and primary health care / _cBushra Jabre. |
| 260 |
_aParís : _bUNESCO ; _aNew York : _bUNICEF, _c1986. |
||
| 300 | _a121 p. | ||
| 440 | 0 |
_aChild, Family, Community ; _v17 |
|
| 690 |
_aEducación - _xDerecho a la salud - _xNiños |
||
| 690 |
_aDerechos del niño - _xEducación - _xSalud |
||
| 690 |
_aSalud - _xDerechos del niño |
||
| 710 | 2 | _aUNESCO | |
| 710 | 2 |
_aUNICEF _924085 |
|
| 905 | _aUNESCO | ||
| 999 |
_c128940 _d128940 |
||